Celebrity by Scandal Quiz Stats

Quiz Updated Aug 25, 2017

Challenge
Share
Tweet
Embed
Score 0/20 Timer 06:00
2 Plays Today
Scandal Celebrity % Correct
A hole-in-one wasn't enough: this golf pro got busted by over a dozen mistressesTiger Woods
93.4%
Fame proved Toxic for this pop singer - she shaved her head and wound up in rehabBritney Spears
90.7%
This pop singer was accused of Bad parenting after dangling his child off a fourth-floor balconyMichael Jackson
90.5%
The world became acquainted with this infamous heiress after the release of her sex tape with Rick SalomonParis Hilton
84.7%
The titular Road Warrior lived up to his moniker, spitting anti-Semitic slurs after being pulled over for a DUIMel Gibson
76.4%
This domestic diva ended up behind bars after finding out that insider trading is not a good thingMartha Stewart
74.1%
This motorcycle enthusiast got chopped by the public when he cheated on Sandra BullockJesse James
71.3%
He was the male half, along with Pam Anderson, of a video that showed a Mötley pair getting randyTommy Lee
71%
This singer-turned-actress couldn't dance her way out of being caught lip-syncing on SNLAshlee Simpson-Wentz
66.8%
He took a Big Adventure to the police station after getting dinged for indecent exposure in an adult theatrePaul Reubens
66.1%
Scandal Celebrity % Correct
This pixie actress was Interrupted by security while shoplifting from Saks Fifth AvenueWinona Ryder
65.3%
Some thought this neurotic director Bananas when he married his much-younger adopted daughterWoody Allen
63.4%
Even for a sport based on the ice, her ex-husband's attack on rival ice skater Nancy Kerrigan was cold-bloodedTonya Harding
55.9%
This British actor was revealed as a Small Time Crook when caught in a tryst with a sex workerHugh Grant
54.7%
This Irish musician made many cross by tearing up a picture of Pope John Paul II on SNLSinéad O'Connor
53.9%
This action star rocked his Hong Kong fanbase when he confessed to cheating on his wife with a beauty queenJackie Chan
51%
Not as noble as his name, this Indiana University basketball coach was fond of chucking chairs across the courtBobby Knight
46.3%
The notorious Hollywood madam was busted for a prostitution ring; she'd later become a reality TV stapleHeidi Fleiss
38.7%
This avant-garde chanteuse got Violently Happy and physically assaulted a reporter in a Bangkok airportBjörk
21.7%
This reality contestant fell from grace after being accused of racial bullying on Celebrity Big Brother UKJade Goody
11.3%

You're not logged in!

Compare scores with friends on all Sporcle quizzes.
Sign Up with Email
OR
Log In

You Might Also Like...

Show Comments

Extras

Top Quizzes Today


Score Distribution

Your Account Isn't Verified!

In order to create a playlist on Sporcle, you need to verify the email address you used during registration. Go to your Sporcle Settings to finish the process.